[Event "Biel op-B 56th"]
[Site "Biel"]
[Date "2023.07.21"]
[Round "5"]
[White "Zafeiridis, Athanasios"]
[Black "Titov, Dmitrii"]
[Result "1-0"]
[WhiteElo "1878"]
[BlackElo "1783"]
[PlyCount "73"]
[EventDate "2023.07.17"]
[EventType "swiss"]
[EventRounds "9"]
[EventCountry "SUI"]
[SourceTitle "EXT 2024"]
[Source "ChessBase"]
[SourceDate "2023.10.10"]
[SourceVersion "1"]
[SourceVersionDate "2023.10.10"]
[SourceQuality "1"]

1. d4 Nf6 2. Bf4 e6 3. e3 b6 4. Nf3 Bb7 5. Nbd2 c5 6. c3 d5 7. Bxb8 Rxb8 8. Bb5+ Ke7 9. Qa4 a6 10. Be2 Nd7 11. c4 f6 12. cxd5 exd5 13. 0-0 Kf7 14. dxc5 bxc5 15. e4 Nb6 16. Qc2 g6 17. exd5 Bd6 18. Nc4 Bxd5 19. Rfd1 Bxc4 20. Bxc4+ Nxc4 21. Qxc4+ Kg7 22. Qxa6 Rb6 23. Qa7+ Kh6 24. b3 Qb8 25. Qa3 Rd8 26. Qc1+ Kg7 27. Qc3 Rb7 28. Re1 Rbd7 29. h3 Qa7 30. Re2 Qc7 31. Rae1 Be7 32. Ng5 Qd6 33. Ne6+ Kh8 34. Nxd8 Bxd8 35. Qc4 Bc7 36. Re8+ Kg7 37. Rg8+ 1-0

[Event "Geneve Bois Gentil op"]
[Site "Geneve"]
[Date "2022.02.25"]
[Round "5"]
[White "Titov, Dmitrii"]
[Black "Belet, Yves"]
[Result "1-0"]
[WhiteElo "1817"]
[BlackElo "1395"]
[PlyCount "31"]
[EventDate "2022.01.14"]
[EventType "swiss"]
[EventRounds "7"]
[EventCountry "SUI"]
[SourceTitle "EXT 2023"]
[Source "ChessBase"]
[SourceDate "2022.10.05"]
[SourceVersion "1"]
[SourceVersionDate "2022.10.05"]
[SourceQuality "1"]

1. d4 d5 2. Nf3 e6 3. e3 Nf6 4. Bd3 Nbd7 5. b3 Be7 6. Bb2 0-0 7. 0-0 Re8 8. Nbd2 c6 9. Ne5 Qc7 10. f4 a5 11. a3 b5 12. Rf3 b4 13. Rh3 Ba6 14. Bxh7+ Nxh7 15. Qh5 Ndf6 16. Qxf7+ 1-0

[Event "Geneve Bois Gentil op"]
[Site "Geneve"]
[Date "2022.02.04"]
[Round "3"]
[White "Titov, Dmitrii"]
[Black "Aouissi, Mohamed1111"]
[Result "0-1"]
[WhiteElo "1817"]
[BlackElo "1580"]
[PlyCount "104"]
[EventDate "2022.01.14"]
[EventType "swiss"]
[EventRounds "7"]
[EventCountry "SUI"]
[SourceTitle "EXT 2023"]
[Source "ChessBase"]
[SourceDate "2022.10.05"]
[SourceVersion "1"]
[SourceVersionDate "2022.10.05"]
[SourceQuality "1"]

1. e4 d5 2. exd5 Nf6 3. Bb5+ Bd7 4. Bxd7+ Nbxd7 5. c4 g6 6. Nf3 Bg7 7. 0-0 0-0 8. Nc3 Nb6 9. d3 Rc8 10. Be3 c6 11. dxc6 Rxc6 12. Qe2 a6 13. Rac1 Re8 14. Ne5 Re6 15. d4 Nbd7 16. f4 Nxe5 17. fxe5 Nd7 18. Qf3 f6 19. Qxb7 Rb6 20. Qf3 Rxb2 21. Ne4 Rxa2 22. c5 Rb2 23. c6 Nb6 24. c7 Qc8 25. Nc5 Rf8 26. e6 Rb5 27. Qc6 Na8 28. Nd7 Re8 29. d5 f5 30. Bb6 Nxb6 31. Nxb6 Bd4+ 32. Kh1 Rxb6 33. Qxe8+ Qxe8 34. c8Q Rb8 35. Qxe8+ Rxe8 36. Rc4 Be5 37. Ra4 Ra8 38. Rc1 a5 39. g3 Ra7 40. Rc5 Bc7 41. Rb5 Kg7 42. Kg2 Kf6 43. Kf3 Ke5 44. h3 Ra6 45. Ra1 a4 46. Rd1 Kd6 47. Rb2 a3 48. Ra2 Ra4 49. g4 Ke5 50. Rd3 Rf4+ 51. Kg3 Ke4 52. Raxa3 Rf3+ 0-1

[Event "Geneve Bois Gentil op"]
[Site "Geneve"]
[Date "2022.01.21"]
[Round "2"]
[White "Li, Dominique"]
[Black "Titov, Dmitrii"]
[Result "1-0"]
[WhiteElo "2194"]
[BlackElo "1817"]
[PlyCount "53"]
[EventDate "2022.01.14"]
[EventType "swiss"]
[EventRounds "7"]
[EventCountry "SUI"]
[SourceTitle "EXT 2023"]
[Source "ChessBase"]
[SourceDate "2022.10.05"]
[SourceVersion "1"]
[SourceVersionDate "2022.10.05"]
[SourceQuality "1"]

1. d4 d5 2. c4 c6 3. cxd5 cxd5 4. Nc3 Nf6 5. Bg5 Nbd7 6. e3 h6 7. Bh4 a6 8. Bd3 e6 9. f4 Be7 10. Nf3 b5 11. a3 Bb7 12. 0-0 Ng4 13. Bxe7 Qxe7 14. Qe2 f5 15. h3 Ngf6 16. Ne5 Nxe5 17. fxe5 Ne4 18. Bxe4 dxe4 19. d5 Qf7 20. Nxe4 Rd8 21. dxe6 Qxe6 22. Nc5 Qb6 23. Nxb7 Qxb7 24. Rxf5 Ke7 25. Qg4 g5 26. Raf1 Rhf8 27. Qb4+ 1-0